Loading...
History - World History | 0 | 5 | 0 | 1 | 50 | 59 | 79.00 | 0 | 0 |
Painting/Sculpture | 0 | 4 | 0 | 3 | 40 | 68 | 107.75 | 0 | 0 |
History - European History | 0 | 4 | 0 | 0 | 40 | 52 | 66.25 | 0 | 0 |
History - Other History | 0 | 4 | 0 | 0 | 40 | 81 | 82.00 | 0 | 0 |
Literature - British Literature | 0 | 4 | 0 | 0 | 40 | 80 | 94.25 | 0 | 0 |
Literature - World Literature | 0 | 4 | 0 | 0 | 40 | 95 | 105.50 | 0 | 0 |
Philosophy | 0 | 3 | 0 | 0 | 30 | 105 | 105.00 | 0 | 0 |
Literature - American Literature | 0 | 3 | 0 | 0 | 30 | 103 | 103.00 | 0 | 0 |
Pop Culture | 0 | 3 | 0 | 0 | 30 | 78 | 78.00 | 0 | 0 |
Fine Arts - Other Fine Arts | 0 | 3 | 0 | 0 | 30 | 86 | 86.00 | 0 | 0 |
Mythology | 0 | 3 | 0 | 3 | 30 | 116 | 116.00 | 0 | 0 |
Religion | 0 | 2 | 0 | 1 | 20 | 60 | 81.00 | 0 | 1 |
Science - Physics | 0 | 1 | 0 | 1 | 10 | 100 | 100.00 | 0 | 0 |
History - American History | 0 | 1 | 0 | 0 | 10 | 75 | 75.00 | 0 | 0 |
Literature - European Literature | 0 | 1 | 0 | 0 | 10 | 89 | 89.00 | 0 | 1 |
Fine Arts - Classical Music | 0 | 1 | 0 | 0 | 10 | 96 | 96.00 | 0 | 0 |
Science - Biology | 0 | 1 | 0 | 0 | 10 | 78 | 78.00 | 0 | 0 |
Science - Chemistry | 0 | 1 | 0 | 1 | 10 | 100 | 100.00 | 0 | 0 |
Science - Other Science | 0 | 1 | 0 | 1 | 10 | 109 | 109.00 | 0 | 0 |
Geography | 0 | 0 | 1 | 0 | -5 | 0.00 | 0 | 0 |